best of both worlds - Hannah Montanna lyrics - Statistics

General Stats
  • This quiz has been taken 693 times
  • The average score is 235 of 303
Answer Stats
Answer % Correct
the
99%
you
99%
be
97%
bes
95%
of
95%
worlds
95%
a
94%
both
94%
it
94%
best
93%
get
93%
out
93%
ever
89%
show
85%
to
85%
every
84%
limo
84%
front
83%
on
83%
no
82%
rock
82%
all
81%
and
81%
it's
81%
shoe
81%
fun
80%
know
80%
your
80%
can
79%
that
79%
when
78%
slow
77%
together
77%
take
76%
mix
75%
but
74%
kinda
73%
oh
73%
then
73%
famous
72%
you're
72%
girl
70%
go
70%
yeah
70%
discovers
69%
like
68%
me
67%
really
67%
chill
66%
who
66%
styles
65%
superstar
61%
colour
59%
hottest
59%
woul
58%
would
54%
got
53%
in
53%
star
53%
thought
53%
as
51%
so
50%
friends
49%
have
49%
(is
49%
is
49%
come
48%
double
47%
stage
45%
movie
43%
cause
37%
radio
37%
just
36%
little
36%
live
36%
weird
36%
knows
35%
small
35%
town
35%
cool
34%
hear
34%
nobody
34%
premiers
34%
songs
34%
two
33%
bloom?)
32%
livin
32%
orlando
32%
play
32%
some
31%
guitar
30%
schools
30%
time
30%
wanna
30%
big
29%
you've
29%
part
27%
better
26%
ways
26%
anywhere
25%
much
25%
hair
24%
magazines
23%
face
22%
autographs
20%
pictures
19%
shades
19%
girls
18%
without
16%
No matching quizzes found
Score Distribution
Percent of People with Each Score
Percentile by Number Answered
Your Score History
You have not taken this quiz